Udinese Calcio Squad 2024-2025 - Statistics

General Stats
  • This quiz has been taken 194 times
    114 since last reset
  • The average score is 20 of 34
Answer Stats
# Position Nation Player % Correct
10 FW France Florian Thauvin
92%
17 FW Italy Lorenzo Lucca
92%
7 FW Chile Alexis Sánchez
90%
40 GK Nigeria Maduka Okoye
84%
29 DF Slovenia Jaka Bijol
80%
28 DF France Oumar Solet
79%
23 DF Cameroon Enzo Ebosse
77%
9 FW England Keinan Davis
72%
8 MF Slovenia Sandi Lovrić
72%
27 DF Belgium Christian Kabasele
71%
11 DF Ivory Coast Hassane Kamara
70%
21 FW Spain Iker Bravo
70%
31 DF Denmark Thomas Kristensen
69%
32 MF Netherlands Jurgen Ekkelenkamp
66%
19 DF Netherlands Kingsley Ehizibue
66%
- Coach Germany Kosta Runjaić
66%
5 MF Argentina Martín Payero
66%
90 GK Romania Răzvan Sava
63%
33 DF Zimbabwe Jordan Zemura
62%
93 GK Italy Daniele Padelli
58%
25 MF Sweden Jesper Karlström
57%
30 DF Argentina Lautaro Giannetti
55%
22 FW Brazil Brenner
52%
6 MF Spain Oier Zarraga
47%
14 MF France Arthur Atta
45%
95 DF France Isaak Touré
44%
77 MF Angola Rui Modesto
42%
20 MF Italy Simone Pafundi
41%
99 FW Chile Damián Pizarro
30%
4 DF Ireland James Abankwah
22%
66 GK Italy Edoardo Piana
20%
16 DF Germany Matteo Palma
17%
79 MF Slovenia David Pejičić
16%
37 DF France Axel Guessand
15%
No matching quizzes found
Score Distribution
Percent of People with Each Score
Percentile by Number Answered
Your Score History
You have not taken this quiz since the last reset